Christian ethics and the church : (Record no. 22453)

MARC details
000 -LEADER
fixed length control field 00407cam a2200157 i 4500
020 ## - INTERNATIONAL STANDARD BOOK NUMBER
ISBN 9780801097072 (pbk.)
082 00 - DEWEY DECIMAL CLASSIFICATION NUMBER
Classification number 241
Author Cutter TUR
100 1# - MAIN ENTRY--AUTHOR NAME
Author name Turner, Philip,
245 10 - TITLE STATEMENT
Title Christian ethics and the church :
260 ## - PUBLICATION, DISTRIBUTION, ETC. (IMPRINT)
Place of publication United Stated of America
Name of publisher Baker Academic
Year of publication 2015
300 ## - PHYSICAL DESCRIPTION
Number of Pages xxiii, 289 pages ;
650 #0 - SUBJECT ADDED ENTRY--TOPICAL TERM
Topical Term Christian ethics.
650 #0 - SUBJECT ADDED ENTRY--TOPICAL TERM
Topical Term Theology, Doctrinal.
942 ## - ADDED ENTRY ELEMENTS (KOHA)
Koha item type Books
Holdings
Home library Current library Shelving location Date acquired Full call number Accession Number Koha item type
Henry Martyn Institute Library Henry Martyn Institute Library General stacks 10/31/2018 241 TUR 11003825 Books
                   Copyright © 2026 | Henry Martyn Institute | Hyderabad | TS-500052 | INDIA | Implemented by hmi.edu.in
Hit-Count:

Powered by Koha